000 02026 a2200229 4500
999 _c183311
_d183311
003 NUST
005 20170510133626.0
008 170510b xxu||||| |||| 00| 0 eng d
010 _a 2007050388
020 _a0
040 _c0
082 0 0 _a540 HIL
100 _aHill, Graham C.
_9284
245 0 0 _aChemistry in context
_c Graham C.Hill
250 _a4th ed.
260 _aIslamabad
_b National Book Foundation
_c2007
300 _a614:p. (various pagings) :
_bcol. ill. ;
_c29 cm.
500 _aH.B
505 _aAtoms, Atomic Masses and Moles (Page-1), Reciting Quantities and Equations (Page-10), Redox (Page-21), Pattern and Periodicity (Page-37),Atomic Structure (Page-56), Electronic Structure (Page-69), Nuclear Structure and Radioactivity (Page-84), The Electronic Theory and Chemical Bonding (Page-99), Intermolecular Forces (Page-112), Structure Bonding and Properties the Solid State (Page-130), The Gaseous State (Page-151), Energy Changes and Bonding (Page-163), Patterns Across the Periodic Table (Page-188), Competition Processes (Page-207), Groups I and II The Alkali Metals and the Alkaline (Page-233), Aluminum (Page-247), Group VII The Halogens (Page-257), Carbon to Lead Non Metal to Metal (Page-275), The Transition Metals (Page-285), Metals and the Activity Series (Page-302), Equilibria (Page-325), Factors Affecting Equilibria (Page-343),Ionic Equilibra in Aqueous Solution (Page-360), Entropy and Free Energy (Page-381), Reaction Rates (Page-397), Introduction to Carbon Chemistry (Page-425), Petroleum and ALkanes (Page-444), Unsaturated Hydrocarbons (Page-466), Aromatic Hydrocarbons (Page-484), Organic Halogen Compounds (Page-503), Alcohols, Phenols and Ethers (Page-516), Carbonyl Compounds (Page-534), Carboxylic Acids and their Derivatives (Page-549), Organic Nitrogen Compounds (Page-569), Synthetic Routes for Organic Chemicals (Page-586),
538 _aAlmirah No.17 Shelf No.5
650 0 _aChemistry.
_9276
700 1 _aGilbert, Thomas R.
_9285
856 4 1 _3Table of contents only
_uhttp://www.loc.gov/catdir/toc/ecip086/2007050388.html
942 _2ddc
_cBK
_k540 HIL